| 000 | 00496nam a2200181Ia 4500 | ||
|---|---|---|---|
| 003 | OSt | ||
| 005 | 20240506115226.0 | ||
| 008 | 210210b1961 xxu||||| |||| 00| 0 eng d | ||
| 040 | _cAL | ||
| 041 | _akan | ||
| 082 | _a859/2131 | ||
| 100 |
_aSITARAMA (Ko Su) _9158211 _dಸೀತಾರಾಮ (ಕೊ ಸು) |
||
| 245 |
_aAksharalaksha: _bಅಕ್ಷರಲಕ್ಷ |
||
| 260 |
_aBengaluru _bShri Prakashana _c1961 |
||
| 690 |
_aKannada Fiction _9158212 |
||
| 906 | _a022844 | ||
| 942 |
_2ddc _cBK |
||
| 999 |
_c147496 _d147496 |
||